000 00626nam a22002297a 4500
003 UA-OsUOA
001 42254
007 ta
008 20081204b un ||||| |||| 00| 0 ukr d
100 _aГрищенко Олекса
090 _a82-94
_bГ85
942 _cBK
040 _aUA-OsUOA
_bukr
_cUA-OsUOA
_dUA-OsUOA
245 _aРоки бурі і натиску
_bСпогади мистця 1908-1918
300 _a104 с.
955 _a4
041 _aukr
080 _a82-94
260 _aН.-Й.
_b"Слово"
_c1967
650 7 _a82 Література. Літературознавство
_2UDC
999 _c440753
_d440753